000 00428nam a2200145 4500
003 OSt
082 _a631.587
_bMID/CL
088 _aT 638
100 _aMidhula B. N
_94927
245 _aClimate change impact on irrigation water requirement and crop water productivity of rice /
260 _aTavanur :
_bDepartment of Irrigation & Drainage Engineering,
_c2025.
300 _a145p.
700 _aAsha Joseph (Guide)
942 _cTH
999 _c19438
_d19438